000 01353cad a22002535a 4500
001 L157497
008 121220s2012 xxk f 000 0 eng d
020 _a9781409837244
035 _a(Sirsi) u157497
041 0 _aeng
110 2 _aUnited Kingdom
_bDepartment for Communities and Local Government
_94939
245 0 0 _aImproving the energy efficiency of our buildings
_bA guide to display energy certificates and advisory reports for public buildings
_h[electronic resource]
260 _aLondon
_bDCLG
_c2012
520 _aProvides guidance for managers, owners and occupiers of public authority buildings occupying an area of more 5000m3 to ensure compliance with Energy Performance of Buildings (England and Wales) Regulations 2012 regarding Display Energy Certificates (DEC) and advisory reports.
590 _aKA
650 2 4 _aENERGY PERFORMANCE OF BUILDINGS (ENGLAND AND WALES) REGULATIONS 2012
650 2 4 _aDIRECTIVE 2010/31/EU
651 4 _aENGLAND AND WALES
690 _aSustainability
_96271
690 _aCommercial property
_96227
690 _aFacilities management
_96240
856 4 0 _uhttps://www.gov.uk/government/uploads/system/uploads/attachment_data/file/39376/A_guide_to_display_energy_certificates_and_advisory_reports_for_public_buildings.pdf
_zView the item free of charge from the www.gov.uk website.
942 _n0
999 _c114801
_d114801